000 00503 a2200193 4500
005 20250204151650.0
008 250204b |||||||| |||| 00| 0 eng d
020 _a9788196147044
_cRs. 595.00
040 _aMAIN
082 _a615.19
_bN124M(3)
100 _aNadendla, Rama Rao
245 _a Medicinal chemistry
260 _bPharmaMed Press
_c2025
_aHyderabad
300 _axii, 412
650 _aPharmaceutical Science
650 _aMedicinal Chemistry
650 _aDrug Design
942 _cBK
999 _c360908
_d360908